书目信息 |
| 题名: |
非参数统计
|
|
| 作者: | 易丹辉 , 斯介生 编著 | |
| 分册: | ||
| 出版信息: | 北京 中国人民大学出版社 2022.02 |
|
| 页数: | 241页 | |
| 开本: | 26cm | |
| 丛书名: | 21世纪统计学系列教材 | |
| 单 册: | ||
| 中图分类: | O212.7 | |
| 科图分类: | ||
| 主题词: | 非参数统计--fei can shu tong ji--教材 | |
| 电子资源: | ||
| ISBN: | 978-7-300-29824-5 | |
| 000 | 01127nam 2200289 450 | |
| 001 | 28697 | |
| 005 | 20221011080901.22 | |
| 010 | @a978-7-300-29824-5@dCNY42.00 | |
| 099 | @aCAL 012022032190 | |
| 100 | @a20220418d2022 em y0chiy50 ea | |
| 101 | 0 | @achi |
| 102 | @aCN@b110000 | |
| 105 | @aak a 000yy | |
| 200 | 1 | @a非参数统计@Afei can shu tong ji@d= Nonparametric statistics@f易丹辉, 斯介生编著@zeng |
| 210 | @a北京@c中国人民大学出版社@d2022.02 | |
| 215 | @a241页@c图@d26cm | |
| 225 | 2 | @a21世纪统计学系列教材@A21 shi ji tong ji xue xi lie jiao cai |
| 320 | @a有书目 (第240-241页) | |
| 330 | @a本书介绍当前非参数统计方法的初步知识, 以应用为手段, 介绍方法要点, 为学生进一步学习大数据分析方法打下扎实基础。介绍方法时, 重视介绍统计思想, 尽量避免数学推导, 应用部分采用丰富的例题介绍应用时的要点。 | |
| 410 | 0 | @12001 @a21世纪统计学系列教材 |
| 510 | 1 | @aNonparametric statistics@zeng |
| 606 | 0 | @a非参数统计@Afei can shu tong ji@j教材 |
| 690 | @aO212.7@v5 | |
| 701 | 0 | @a易丹辉@Ayi dan hui@4编著 |
| 701 | 0 | @a斯介生@Asi jie sheng@4编著 |
| 801 | 0 | @aCN@c20220910 |
| 905 | @a河南城建学院图书馆@dO212.7@eY546@f2 | |
| 非参数统计= Nonparametric statistics/易丹辉, 斯介生编著.-北京:中国人民大学出版社,2022.02 |
| 241页:图;26cm.-(21世纪统计学系列教材) |
| ISBN 978-7-300-29824-5:CNY42.00 |
| 本书介绍当前非参数统计方法的初步知识, 以应用为手段, 介绍方法要点, 为学生进一步学习大数据分析方法打下扎实基础。介绍方法时, 重视介绍统计思想, 尽量避免数学推导, 应用部分采用丰富的例题介绍应用时的要点。 |
| ● |
| 相关链接 |
|
|
|
正题名:非参数统计
索取号:O212.7/Y546
 
预约/预借
| 序号 | 登录号 | 条形码 | 馆藏地/架位号 | 状态 | 备注 |
| 1 | 1581768 | 215817686 | 自科库401/401自科库 78排1列2层/ [索取号:O212.7/Y546] | 在馆 | |
| 2 | 1581769 | 215817695 | 自科库401/401自科库 78排1列2层/ [索取号:O212.7/Y546] | 在馆 |